| 000 | 00558nam a22001817a 4500 | ||
|---|---|---|---|
| 999 |
_c17903 _d17903 |
||
| 008 | 191002b xxu||||| |||| 00| 0 eng d | ||
| 020 | _a0199451746 | ||
| 040 |
_aKABU _cKABU |
||
| 050 |
_aTX911.3 _b.R34 2015 c. 1 |
||
| 100 | _aRaghubalan, G. | ||
| 245 |
_aHotel housekeeping _boperations and management _cG. Raghubalan, Smritee Raghubalan |
||
| 250 | _a3rd ed. | ||
| 260 |
_aOxford _bOxford University Press _c2015 |
||
| 300 |
_axx, 790 p. _eCD-ROM |
||
| 650 | _aHospitality industry | ||
| 700 | _aRaghubalan, Smritee | ||
| 942 |
_2lcc _cBK _hTX911.3 |
||